|
|
|
|
| LEADER |
00000nab a2200000 a 4500 |
| 001 |
vtls000176973 |
| 003 |
SK-MaSNL |
| 005 |
20260305020404.0 |
| 008 |
220422c1984 xo 0 slo |
| 015 |
|
|
|a SNBRB19rr/mm-uuuuu
|
| 035 |
|
|
|a CL0187086
|
| 040 |
|
|
|a SNKBUCL
|b slo
|c SNKBUCL
|e AACR2
|
| 041 |
0 |
|
|a slo
|
| 044 |
|
|
|a xo
|c SK
|
| 080 |
|
|
|a 616.248
|2 1981
|
| 080 |
|
|
|a 615.2-015.4
|2 1981
|
| 100 |
1 |
|
|a Nosáľ, Radomír,
|d 1941-2020
|4 aut
|9 218393
|
| 245 |
1 |
0 |
|a Sekrečné vlastnosti žirných buniek a možnosti ich ovplyvnenia
|c R. Nosáľ
|
| 300 |
|
|
|b Lit. 14 zázn. v slov., angl.
|
| 650 |
0 |
7 |
|a pľúca
|2 snkbucl
|9 16489
|
| 650 |
0 |
7 |
|a astma
|2 snkbucl
|9 2427
|
| 655 |
|
7 |
|a články z novín a časopisov
|2 snkbucl
|9 267496
|
| 773 |
0 |
|
|t Československá fysiologie
|g Roč. 33, č. 1 (1984), s. 55-57
|
| 850 |
|
|
|a Slovenská národná knižnica v Martine
|a MTA001
|
| 852 |
|
|
|a SNK
|b KIS3GCP
|
| 958 |
|
|
|a NB
|
| 958 |
|
|
|a RK
|
| 958 |
|
|
|a ME
|
| 992 |
|
|
|a RBX
|
| 999 |
|
|
|c 3280451
|d 3282381
|